إدارة الذات للوقت : (Record no. 6259)

MARC details
000 -LEADER
fixed length control field 00660nam a22001817a 4500
005 - DATE AND TIME OF LATEST TRANSACTION
control field 20231121080612.0
008 - FIXED-LENGTH DATA ELEMENTS--GENERAL INFORMATION
fixed length control field 231120b |||||||| |||| 00| 0 eng d
020 ## - INTERNATIONAL STANDARD BOOK NUMBER
International Standard Book Number 9960414671
040 ## - CATALOGING SOURCE
Transcribing agency 0
082 ## - DEWEY DECIMAL CLASSIFICATION NUMBER
Edition number ط1
Classification number 257.4 605H 2003
100 ## - MAIN ENTRY--PERSONAL NAME
Personal name هنيدي.عبدالعزيز بن محمد
245 ## - TITLE STATEMENT
Title إدارة الذات للوقت :
Remainder of title مدخل مقترح في الادارة الاسلامية/
Statement of responsibility, etc. عبدالعزيز بن محمد هنيدي
250 ## - EDITION STATEMENT
Edition statement ط1
260 ## - PUBLICATION, DISTRIBUTION, ETC.
Place of publication, distribution, etc. القوات الجوية
Name of publisher, distributor, etc. الرياض
Date of publication, distribution, etc. 2003
300 ## - PHYSICAL DESCRIPTION
Extent 136ص
Dimensions 24سم
650 ## - SUBJECT ADDED ENTRY--TOPICAL TERM
Geographic subdivision الاسلام والادارة /القيادة الادارية
942 ## - ADDED ENTRY ELEMENTS (KOHA)
Source of classification or shelving scheme Dewey Decimal Classification
Koha item type Arabic Book
Suppress in OPAC No
Holdings
Withdrawn status Lost status Source of classification or shelving scheme Damaged status Not for loan Home library Current library Date acquired Total Checkouts Full call number Barcode Date last seen Copy number Price effective from Koha item type
    Dewey Decimal Classification     CENTRAL CENTRAL 12/14/2023   257.4 605H 2003 1000000018882 12/14/2023 C1 12/14/2023 Arabic Book
    Dewey Decimal Classification     CENTRAL CENTRAL 12/14/2023   257.4 605H 2003 1000000018883 12/14/2023 C2 12/14/2023 Arabic Book